Afrikan sisämaavaltiot - Statistics

Yleistilastot
  • Tätä visaa on pelattu 696 kertaa
  • Keskiarvotulos 14 / 16
Vastaukset kartalla
Vastauksille on annettu kartalla punavihreä väri sen mukaan, kuinka moni on saanut sen oikein.
 
Vastaustilastot
Valtiot % Oikein
Niger
93%
Tšad
91%
Etelä-Sudan
88%
Lesotho
88%
Uganda
87%
Ruanda
86%
Botswana
85%
Keski-Afrikan tasavalta
85%
Zimbabwe
85%
Mali
84%
Sambia
84%
Burundi
82%
Swazimaa
82%
Burkina Faso
80%
Etiopia
78%
Malawi
78%
Ehtoja vastaavia visoja ei löytynyt
Tulosjakauma
Jokaisen tuloksen saaneiden osuus
Persentiili vastausten määrän mukaan
Tuloshistoriasi
Et ole pelannut tätä visaa